| 000 | 00000nas##2200000za#4500 |
| 001 | 9.502049 |
| 003 | CaOODSP |
| 005 | 20250403104727 |
| 007 | cr ||||||||||| |
| 008 | 150406c2009||||xxc|| m o||||f| |0fre|d |
| 040 | |aCaOODSP|bfre |
| 043 | |an-cn--- |
| 086 | 1 |aCS81-599F-PDF |
| 245 | 00|aIndicateurs de l'éducation au Canada : |h[ressource électronique]|bfeuillet d'information / |c[Publié par la] Division du tourisme et du Centre de la statistique de l’éducation. |
| 260 | |aOttawa - Ontario : |bStatistique Canada |
| 310 | |aHors série |
| 362 | 1 |aN° 1, mai 2009-- |
| 500 | |aL'ISSN (1709-8661) imprimé sur ces publications est incorrect. |
| 710 | 2 |aStatistique Canada. |
| 775 | 08|tEducation indicators in Canada : |w(CaOODSP)9.505651 |